000
00252nam a22001217a 4500
008
170403b xxu||||| |||| 00| 0 eng d
041
_a
eng
080
_a
574
100
_a
9
101
_a
SHM
245
_a
AGRI BUSINESS
_c
WOOLVERTON.M
942
_2
udc
_c
BK
999
_c
9462
_d
9462